000 00393nam a2200121Ia 4500
008 220216s9999 xx 000 0 und d
100 _aORourke Stephen E
245 0 _aMetallic stearates: A review of their function and use as release agents for rubber compounds
260 _bProgress in Rubber and Plastics Technology
_c1999
300 _a238-247
700 _aMorris Richard H
942 _cJS
999 _c62841
_d62841